Guess the Conan Gray song with no hints ~5 - Statistics

General Stats
  • This quiz has been taken 134 times
    58 since last reset
  • The average score is 117 of 200
Answer Stats
Answer % Correct
a
95%
I
92%
(I)
92%
(I
92%
The
77%
the
77%
to
74%
di
69%
No
69%
on
67%
and
64%
men
64%
She
64%
want
64%
Want
64%
(want)
64%
want)
64%
be
62%
I'm
62%
my
62%
that
62%
They
62%
they
62%
all
56%
are
56%
don't
56%
But
54%
da
54%
how
54%
la
51%
never
51%
with
51%
see
49%
night
46%
party
46%
at
44%
rich
41%
about
38%
blonde
38%
(bourgeoisie)
38%
need
38%
pretty
38%
talks
38%
wrong
38%
cheat
36%
class
36%
de
36%
guy
36%
low
36%
nice
36%
sounds
36%
TV's
36%
woman's
36%
back
33%
bourgeoisieses
33%
got
33%
pay
33%
price
33%
time
33%
wives
33%
dad
31%
dance
31%
floor
31%
Maseratti
31%
Mom
31%
war
26%
mourn
23%
poor
21%
draft
13%
No matching quizzes found
Score Distribution
Percent of People with Each Score
Percentile by Number Answered
Your Score History
You have not taken this quiz since the last reset